Teledetección temprana de estrés hidríco en dos variedades de plantas de café (Coffea Arabica)
Guardado en:
| Autor principal: | |
|---|---|
| Otros Autores: | |
| Formato: | Libro |
| Lenguaje: | Spanish |
| Publicado: |
[San José, Costa Rica ]
2024
|
| Materias: | |
| Etiquetas: |
Agregar Etiqueta
Sin Etiquetas, Sea el primero en etiquetar este registro!
|
MARC
| LEADER | 00000nam a2200000Ia 4500 | ||
|---|---|---|---|
| 003 | 013887 | ||
| 005 | 20240626114623.0 | ||
| 008 | 140114s2024 cr a 000 ||spa d | ||
| 040 | |c cru CEDI | ||
| 100 | |a Barquero Araya, Andrés , 1995- |9 3407 | ||
| 245 | |a Teledetección temprana de estrés hidríco en dos variedades de plantas de café (Coffea Arabica) | ||
| 260 | |a [San José, Costa Rica ] |c 2024 | ||
| 500 | |a Trabajo de graduación (licenciatura en ingeniería agrícola y de biosistemas) --Universidad de Costa Rica. Facultad de Ingeniería. Escuela de Ingeniería de Biosistemas | ||
| 501 | |a Directora de Trabajo Final de Graduación: Ing. Alejandra Rojas González, Ph.D. | ||
| 610 | 0 | |a FINCA CAFETALERA "HACIENDA ALSACIA" (ALAJUELA, COSTA RICA) |9 3408 | |
| 650 | |x EFECTOS DEL ESTRES SOBRE LOS CULTIVOS |x CULTIVOS DE INVERNADERO |x DETECCION A DISTANCIA |x CAFE - CULTIVO - COSTA RICA |x CAFE - INVESTIGACIONES - COSTA RICA |x PLANTAS - EFECTO DEL ESTRES | ||
| 700 | |a Rojas González, Alejandra, 1974- |d Directora del TFG |9 294 | ||
| 942 | |c TFG |h TFG 9028 |i 013887 |6 TFG_9028_013887000000000 | ||
| 999 | |c 11758 |d 11758 | ||
